| 000 | 00395nam a2200157Ia 4500 | ||
|---|---|---|---|
| 008 | 220803s9999 xx 000 0 und d | ||
| 020 | _a83-87624-54-5 | ||
| 041 | _aeng | ||
| 082 | _a729 GRA | ||
| 100 |
_aGracia Ana _916032 |
||
| 245 | _aIdea Decoration : Living Rooms- | ||
| 260 |
_aNew York _bIdea Books _c1994 |
||
| 300 | _a42p | ||
| 500 | _aArchitecture | ||
| 650 |
_aInterior Design _916033 |
||
| 999 |
_c11619 _d11619 |
||